=LDR 00000nam 2200000 4500 =001 INLIS000000000044355 =005 20131008105730 =008 ***********************************Ind** =035 ##$$0010-101300000002277 =041 ##$$a Ind =082 ##$$a 811 =090 ##$$a 811, Djaa a =100 ##$$a Djaya, Sjuman =245 ##$$a Aku, Berdasarkan perjalanan hidup dan karya penyair chairil Anwar =260 ##$$a 2003 $b Jakarta =300 ##$$a 155 hlm, 21 cm =650 ##$$a Sastra Indonesia =850 ##$$a NBPNMAT